Central Library and Information Centre
Sibsagar Girls' College, Sivasagar : Assam

BA B.COM INDIAN ECONOMICS (Record no. 8190)

MARC details
000 -LEADER
fixed length control field 00426cam a2200181ua 4500
008 - FIXED-LENGTH DATA ELEMENTS--GENERAL INFORMATION
fixed length control field 060101n1997 II |||gr||||Z||||||eng
040 ## - CATALOGING SOURCE
Original cataloging agency MAIN
041 ## - LANGUAGE CODE
-- English
100 ## - MAIN ENTRY--PERSONAL NAME
Personal name DEWELL, K. K.
245 ## - TITLE STATEMENT
Title BA B.COM INDIAN ECONOMICS
260 ## - PUBLICATION, DISTRIBUTION, ETC.
Place of publication, distribution, etc. NEW DELHI
Name of publisher, distributor, etc. S.CHAND & COMPANY
Date of publication, distribution, etc. 1997
300 ## - PHYSICAL DESCRIPTION
Extent 690:
Dimensions 25CM.
700 ## - ADDED ENTRY--PERSONAL NAME
Personal name SHARMA, M. L.
700 ## - ADDED ENTRY--PERSONAL NAME
Personal name VARMA, J. D.
942 ## - ADDED ENTRY ELEMENTS (KOHA)
Koha item type Books
653 ## - INDEX TERM--UNCONTROLLED
Uncontrolled term INDIAN ECONOMY
Holdings
Withdrawn status Lost status Source of classification or shelving scheme Damaged status Not for loan Collection code Home library Current library Shelving location Date acquired Full call number Barcode Date last seen Price effective from Koha item type Public note
    Dewey Decimal Classification     TBECO Central Library and Information Centre Sibsagar Girls College Central Library and Information Centre Sibsagar Girls College ECONOMICS BOOK RACK 23.06.1998 330.54 DEW 15534 04.06.2023 04.06.2023 Books V
    Dewey Decimal Classification     TBECO Central Library and Information Centre Sibsagar Girls College Central Library and Information Centre Sibsagar Girls College ECONOMICS BOOK RACK 23.06.1998 330.54 DEW 15535 04.06.2023 04.06.2023 Books V


Sibsagar Girl's College © 2020. All rights reserved.
Powered by Koha.
Maintained by Abhijit Borpuzari.